书目信息 |
| 题名: |
化学教学法讲义
|
|
| 作者: | 辽宁省丹东师专化学系 编 | |
| 分册: | ||
| 出版信息: | 丹东 |
|
| 页数: | 134页 | |
| 开本: | 20cm | |
| 丛书名: | ||
| 单 册: | ||
| 中图分类: | G633.82 | |
| 科图分类: | ||
| 主题词: | 教育--各级 | |
| 电子资源: | ||
| ISBN: | ||
| 000 | 00550nam0 2200169 450 | |
| 001 | 0661162485 | |
| 005 | 20070730150409.64 | |
| 100 | @a20060720d km y0chiy0120 ea | |
| 101 | 0 | @achi |
| 200 | 1 | @a化学教学法讲义@Ahua xue jiao xue fa jiang yi@f辽宁省丹东师专化学系编@Fliao ning sheng dan dong shi zhuan hua xue xi bian |
| 210 | @a丹东 | |
| 215 | @a134页@d20cm | |
| 606 | 0 | @a教育@x各级 |
| 690 | @aG633.82@v3 | |
| 701 | 0 | @a辽宁省丹东师专化学系@Aliao ning sheng dan dong shi zhuan hua xue xi@4编 |
| 801 | 0 | @aCN@bPFT@c20070730 |
| 905 | @a10447@dG633.82@e182 | |
| 化学教学法讲义/辽宁省丹东师专化学系编.-丹东 |
| 134页;20cm |
| ISBN : |
| ● |
| 相关链接 |
|
|
|
|
正题名:化学教学法讲义
索取号:G633.82/182
 
预约/预借
| 序号 | 登录号 | 条形码 | 馆藏地/架位号 | 状态 | 备注 |
| 1 | 0432537 | 204325373 | 密集书库/ [索取号:G633.82/182] | 在馆 | |
| 2 | 0440102 | 204401021 | 密集书库/ [索取号:G633.82/182] | 在馆 | |
| 3 | 0787497 | 207874978 | 密集书库/ [索取号:G633.82/182] | 在馆 |